University Home | Library Home | Institutional Repository

A comparison of the effectiveness of adult residential and non-residential learning situations / (Record no. 198208)

MARC details
000 -LEADER
fixed length control field 00924cam8a220026500 4500
001 - CONTROL NUMBER
control field qce01759639
005 - DATE AND TIME OF LATEST TRANSACTION
control field 20190830122356.0
008 - FIXED-LENGTH DATA ELEMENTS--GENERAL INFORMATION
fixed length control field 750612s1961 ilu eng
010 ## - LIBRARY OF CONGRESS CONTROL NUMBER
LC control number 61065509
035 ## - SYSTEM CONTROL NUMBER
System control number (Sirsi) r116251
035 ## - SYSTEM CONTROL NUMBER
System control number (QCAT)lss00862316
035 ## - SYSTEM CONTROL NUMBER
System control number (UPRA)qce01759639
040 ## - CATALOGING SOURCE
Modifying agency UPRA
050 0# - LIBRARY OF CONGRESS CALL NUMBER
Classification number LC5219
Item number .L3
082 ## - DEWEY DECIMAL CLASSIFICATION NUMBER
Classification number 374
100 1# - MAIN ENTRY--PERSONAL NAME
Personal name Lacognata, A. A.
Linkage A81459.1
245 12 - TITLE STATEMENT
Title A comparison of the effectiveness of adult residential and non-residential learning situations /
Statement of responsibility, etc. by A.A. Lacognata.
260 ## - PUBLICATION, DISTRIBUTION, ETC.
Place of publication, distribution, etc. [Chicago] :
Name of publisher, distributor, etc. Center for the Study of Liberal Education for Adults,
Date of publication, distribution, etc. [1961]
490 0# - SERIES STATEMENT
Series statement CSLEA research reports
Linkage S12347.1
504 ## - BIBLIOGRAPHY, ETC. NOTE
Bibliography, etc. note Includes bibliographical references.
650 #0 - SUBJECT ADDED ENTRY--TOPICAL TERM
Topical term or geographic name entry element Adult education.
Linkage S3683.1
740 0# - ADDED ENTRY--UNCONTROLLED RELATED/ANALYTICAL TITLE
Uncontrolled related/analytical title Adult residential and non-residential learning situations.
949 ## - LOCAL PROCESSING INFORMATION (OCLC)
a LC5219
w lcc
i -167415
m MAIN
t BOOK
l ON-SHELF

No items available.

© 2026 - The University of Zambia Library - Koha v25.11